| 000 | 02375nam0a2200409 4500 | ||
|---|---|---|---|
| 001 | RU\NLR\bibl\1817596 | ||
| 005 | 20250616155644.0 | ||
| 010 |
_a978-5-394-01397-3 _91000 |
||
| 021 |
_aRU _b2011-68294 _94821 |
||
| 035 | _a(NLR Aleph) 001808170 | ||
| 090 |
_a1833203 _c1833203 |
||
| 100 | _a20111007d2012 |||y0rusy50 ca | ||
| 101 | 0 | _arus | |
| 102 | _aRU | ||
| 105 | _aa ||||||||| | ||
| 200 | 1 |
_aЭкономическая теория _eэкономические системы: формирование и развитие _eучебник _eдля студентов магистратуры ВПО, обучающихся по направлениям подготовки "Экономика" и "Менеджмент" _f[И.К. Ларионов, д.э.н., проф., засл. деят. науки РФ, С.Н. Сильвестров, д.э.н., проф., засл. экономист РФ, К.В. Антипов, д.э.н., доц. и др.] _gпод ред. докторов экон. наук, профессоров И.К. Ларионова, С.Н. Сильвестрова |
|
| 210 |
_aМосква _cДашков и К° _d2012 [т.е. 2011] |
||
| 215 |
_a873 с. _cсхем. _d21 |
||
| 225 | 1 | _aУчебные издания для магистров | |
| 300 | _aАвт. указаны на обороте тит.л. | ||
| 300 | _aКн. фактически изд. в 2011 г. | ||
| 320 | _aБиблиогр. в подстроч. примеч. | ||
| 606 | 1 |
_aЭкономика _jУчебники для высших учебных заведений _xТеория _91565397 _3RU\NLR\auth\66985247 |
|
| 606 | 1 |
_aЭкономические системы _jУчебные издания для высших учебных заведений _xТеория _92093998 _3RU\NLR\auth\661267154 |
|
| 686 | _aУ010я73 | ||
| 686 | _aУ010.5я73 | ||
| 701 | 1 |
_4070 _7ca _8rus _aЛарионов _bИ. К. _gИгорь Константинович _9189985 _3RU\NLR\AUTH\770190036 |
|
| 701 | 1 |
_aСильвестров _bС. Н. _gСергей Николаевич _4070 |
|
| 701 | 1 |
_aАнтипов _bК. В. _gКонстантин Валерьевич _4070 |
|
| 801 | 0 |
_aRU _bNLR _c20111007 _gRCR |
|
| 801 | 1 |
_aRU _bNLR _c20111007 |
|
| 830 | _a2 авт. по кн, 3-й по эк | ||
| 942 | _cBOOK | ||
| 980 | _aNB | ||
| 980 | _aNBR | ||